Handbook of applied social research methods

Αποθηκεύτηκε σε:
Λεπτομέρειες βιβλιογραφικής εγγραφής
Άλλοι συγγραφείς: Bickman, Leonard 1941- (Επιμελητής έκδοσης), Rog, Debra J. (Επιμελητής έκδοσης)
Μορφή: Βιβλίο
Γλώσσα:English
Δημοσίευση: London : Sage Publications, c1998
Θέματα:
Ετικέτες: Προσθήκη ετικέτας
Δεν υπάρχουν, Καταχωρήστε ετικέτα πρώτοι!

MARC

LEADER 00000nam a2200000 i 4500
001 1/18550
008 981019s1998 eng d
020 |a 0-7619-0672-X 
035 |l 10020953 
040 |a GR-MY-UA  |b    |e aacr 
041 0 |a eng 
082 0 |a 300.72 
245 1 0 |a Handbook of applied social research methods /  |c edited by Leonard Bickman and Debra J. Rog 
260 |a London :   |b Sage Publications,   |c c1998 
300 |a 580 p. 
504 |a Includes bibliographical references and index 
650 0 0 |a Social sciences  |x Research  |x Methodology. 
650 0 0 |a Social sciences  |x Methodology. 
700 1 |a Bickman, Leonard  |d 1941-  |4 edt 
700 0 |a Rog, Debra J.  |4 edt 
852 |a INST  |b LESVOS  |e 19981019  |h 300.72 HAN  |p 005100012782  |q 005100012782  |t BK  |y 0 
901 |a BIBL-1998-3 
909 |a Λ  |b 059606 
922 |a 1ΕΛΗ  |b 199809  |c ΚΠΣ/ΤΓ  |d ΠΑΠΑΣΩΤΗΡΙΟΥ 
950 |a 118-1998-07-23